Oscar Nominated DC Actors - Sudden Death - Statistics

General Stats
  • This quiz has been taken 89 times
    80 since last reset
  • The average score is 13 of 28
Answers on the Grid
Answers color-coded by a green-red scale on the quiz's grid according to % correct below.
Christian Bale
Morgan Freeman
Maggie Gyllenhaal
Kim Basinger
Ben Mendelsohn
Katie Holmes
Christopher Reeve
Sean Gunn
Gene Hackman
Amy Adams
Henry Cavill
Michelle Pfeiffer
George Clooney
Adam West
Blake Lively
Tom Hardy
Robert De Niro
Keanu Reeves
Jack Nicholson
Christopher Walken
Michael Keaton
Val Kilmer
Angela Bassett
Margot Robbie
Holly Hunter
Marlon Brando
Tilda Swinton
Tommy Lee Jones
Ben Affleck
Gary Oldman
Gal Gadot
Michael Caine
Ryan Reynolds
Kevin Spacey
Nicolas Cage
Jim Carrey
James Marsden
Vivica A. Fox
Diane Lane
Ezra Miller
John Cena
Joaquin Phoenix
Nicholas Hoult
Ray Fisher
Heath Ledger
Michael Clarke Duncan
Billy Dee Williams
Robin Wright
Arnold Schwarzenegger
Zazie Beetz
 
Answer Stats
Answer % Correct
Christian Bale
93%
Morgan Freeman
80%
George Clooney
67%
Amy Adams
56%
Gene Hackman
55%
Robert De Niro
55%
Jack Nicholson
51%
Marlon Brando
51%
Michael Keaton
49%
Tommy Lee Jones
49%
Gary Oldman
47%
Maggie Gyllenhaal
47%
Christopher Walken
45%
Kevin Spacey
45%
Michael Caine
45%
Michelle Pfeiffer
45%
Joaquin Phoenix
44%
Kim Basinger
44%
Margot Robbie
44%
Heath Ledger
42%
Nicolas Cage
42%
Angela Bassett
40%
Holly Hunter
40%
Tom Hardy
40%
Tilda Swinton
33%
Diane Lane
25%
Michael Clarke Duncan
20%
Katie Holmes
11%
No matching quizzes found
Score Distribution
Percent of People with Each Score
Percentile by Number Answered
Your Score History
You have not taken this quiz since the last reset